书目信息 |
| 题名: |
3ds Max 2010中文版基础培训教程
|
|
| 作者: | 李如超 , 谭雪松 编著 | |
| 分册: | ||
| 出版信息: | 北京 人民邮电出版社 2012.01 |
|
| 页数: | 324页 | |
| 开本: | 26cm | |
| 丛书名: | 从零开始 | |
| 单 册: | ||
| 中图分类: | TP391.41 | |
| 科图分类: | ||
| 主题词: | 三维--San Wei--动画--图形软件, 3ds max 2010--教材 | |
| 电子资源: | ||
| ISBN: | 7-115-22850-7 | |
| 000 | 01093nam 2200277 450 | |
| 001 | 1255864053 | |
| 005 | 20120928153339.57 | |
| 010 | @a7-115-22850-7@dCNY42.00 | |
| 010 | @a978-7-89443-061-8@b光盘 | |
| 099 | @aCAL 012010189985 | |
| 100 | @a20110901d2012 em y0chiy50 ea | |
| 101 | 0 | @achi |
| 102 | @aCN@b110000 | |
| 105 | @aa z 000yy | |
| 200 | 1 | @a3ds Max 2010中文版基础培训教程@A3ds Max 2010 Zhong Wen Ban Ji Chu Pei Xun Jiao Cheng@f谭雪松,李如超等编著@Ftan xue song,li ru chao deng bian zhu |
| 210 | @a北京@c人民邮电出版社@d2012.01 | |
| 215 | @a324页@c图@d26cm@e光盘1片 | |
| 225 | 2 | @a从零开始@ACong Ling Kai Shi |
| 330 | @a本书介绍了3ds Max 2010的功能和用法,以实例为引导,讲解了使用3ds Max 2010创建三维模型、创建材质和贴图、创建摄影机、制作基本动画、制作动力学动画以及使用粒子系统与空间扭曲制作动画的基本方法。 | |
| 410 | 0 | @12001 @a从零开始 |
| 606 | 0 | @a三维@ASan Wei@x动画@x图形软件, 3ds max 2010@j教材 |
| 690 | @aTP391.41@v5 | |
| 701 | 0 | @a李如超@ALi Ru Chao@4编著 |
| 701 | 0 | @a谭雪松@ATan Xue Song@4编著 |
| 801 | 0 | @aCN@c20110901 |
| 905 | @dTP391.41@eT131@f3 | |
| 3ds Max 2010中文版基础培训教程/谭雪松,李如超等编著.-北京:人民邮电出版社,2012.01 |
| 324页:图;26cm+光盘1片.-(从零开始) |
| ISBN 7-115-22850-7:CNY42.00 |
| 本书介绍了3ds Max 2010的功能和用法,以实例为引导,讲解了使用3ds Max 2010创建三维模型、创建材质和贴图、创建摄影机、制作基本动画、制作动力学动画以及使用粒子系统与空间扭曲制作动画的基本方法。 |
| ● |
| 相关链接 |
|
|
|
正题名:3ds Max 2010中文版基础培训教程
索取号:TP391.41/T131
 
预约/预借
| 序号 | 登录号 | 条形码 | 馆藏地/架位号 | 状态 | 备注 |
| 1 | 486825 | 204868250 | 自科库301/504自科库 19排1列2层/ [索取号:TP391.41/T131] | 在馆 |